Psychologie cognitive : Cours, méthodologie, entraînement (notice n° 2017207)
[ vue normale ]
| 000 -LEADER | |
|---|---|
| fixed length control field | 01568cam a2200157 4500500 |
| 005 - DATE AND TIME OF LATEST TRANSACTION | |
| control field | 20260329064800.0 |
| 041 ## - LANGUAGE CODE | |
| Language code of text/sound track or separate title | fre |
| 042 ## - AUTHENTICATION CODE | |
| Authentication code | dc |
| 100 10 - MAIN ENTRY--PERSONAL NAME | |
| Personal name | Habib, Marianne |
| Relator term | author |
| 245 00 - TITLE STATEMENT | |
| Title | Psychologie cognitive : Cours, méthodologie, entraînement |
| 260 ## - PUBLICATION, DISTRIBUTION, ETC. | |
| Name of publisher, distributor, etc. | Armand Colin,<br/> |
| Date of publication, distribution, etc. | 2018.<br/> |
| 520 ## - SUMMARY, ETC. | |
| Summary, etc. | Cet ouvrage propose un panorama global de la psychologie cognitive, discipline qui étudie le fonctionnement de l’esprit et de la vie mentale. Il aborde les courants théoriques et méthodes en psychologie cognitive, les émotions et les processus cognitifs impliqués dans leur ressenti et les grandes fonctions cognitives : perception, attention, mémoire, langage, raisonnement, décision et jugement. Chaque chapitre est structuré de la façon suivante : • le(s) questionnement(s) à se poser ; • une partie théorique exposant les savoirs fondamentaux, assortis d’exemples, de définitions et de focus thématique ; • un rappel des éléments importants du chapitre et des notions clés ; • des exercices corrigés pour permettre une auto-évaluation des acquis. Véritable outil de travail visant à favoriser l’acquisition des connaissances, cet ouvrage accompagnera l’étudiant en psychologie tout au long de son premier cycle universitaire. Tous les compléments numériques sont disponibles dans la rubrique "ressources numériques". |
| 700 10 - ADDED ENTRY--PERSONAL NAME | |
| Personal name | Lavergne, Louisa |
| Relator term | author |
| 700 10 - ADDED ENTRY--PERSONAL NAME | |
| Personal name | Caparos, Serge |
| Relator term | author |
| 856 41 - ELECTRONIC LOCATION AND ACCESS | |
| Uniform Resource Identifier | <a href="https://shs.cairn.info/psychologie-cognitive--9782200621087?lang=fr&redirect-ssocas=7080">https://shs.cairn.info/psychologie-cognitive--9782200621087?lang=fr&redirect-ssocas=7080</a> |
Pas d'exemplaire disponible.




Réseaux sociaux